Pokémon - Les attaques de Moumouton - Statistiques

Statistiques générales
  • Ce quiz a été pris 19 fois
  • Le résultat moyen est 7 sur 12
Statistiques - réponses
Niveaux Types Noms des attaques % Correct
Départ Normal Charge
100%
Niveau 25 Normal Bélier
91%
Départ Normal Rugissement
91%
Niveau 16 Combat Double Pied
82%
Niveau 4 Normal Boul'Armure
73%
Niveau 36 Plante Cotogarde
73%
Niveau 40 Normal Damoclès
64%
Niveau 32 Combat Contre
55%
Niveau 21 Normal Coup d'Boule
55%
Niveau 12 Psy Partage Garde
18%
Niveau 28 Psy Permugarde
18%
Niveau 8 Normal Photocopie
9%
Aucun quiz correspondant
Distribution des résultats
% des personnes avec chaque résultat
Percentile par nombre de réponses
Votre historique - résultats
Vous n’avez pas pris ce quiz